000 01858nam a2200253Ia 4500
003 Ost
005 20260507075534.0
008 260507s9999||||xx |||||||||||||| ||und||
020 _a9774086953
040 _cfsecg
041 _aara
082 _a338.6048
100 _aميرفي، كريستوفر
_eمؤلف
245 0 _aفن إدارة التنافس /
_c كريستوفر ميرفي
260 _aالقاهرة:
_bدار الفاروق للنشر والتوزيع,
_c2008
300 _a448 صفحة؛
_bإيضاحات ؛
_c24 سم
490 _aمهارات الادارة الحديثة
504 _aكشاف مصطلحات ص.429
520 _aيضم كيفية زيادة الفاعلية في إدارة التنافس، عدم الإكتفاء بمراقبة المنافسين، التطبيق العملي لفن إدارة التنافس، التنافس بين الشركات، العوامل الداخلية الأساسية لنمو الشركات، العوامل الخارجية الأساسية لنمو الشركة، النواحي القانونية والأخلاقية في فن إدارة التنافس، مرحلة جمع البيانات، التخطيط وجمع البيانات الأولية، البيئة التنافسية، تنقيح البحث، تقديم المستندات الرسمية الدورية، المصادر الأجنبية، استخلاص المعلومات من خلال اللقاءات الشخصية، تحويل البيانات الأولية إلى معلومات نهائية، المقارنة بين الشركات وتحديد مراطزها، الوقاية من أنشطة إدارة التنافس
653 _aالإستراتيجية التنافسية
653 _aالمنافسة
700 _aالعامري، خالد
_eمؤلف ثانوي
942 _cكتاب
999 _c44834
_d44834